000 00545nam a22001697a 4500
003 NUST
038 _aNusrat Nadeem
082 _a200
100 _aKhurshid, Kiran
_9120731
245 _aOptimum Detection Techniques for MIMO and Massive MIMO Systems/
_cKiran Khurshid,
264 _aRawalpindi,
_bMCS NUST,
_c2023.
300 _aill:
_b115,p:
_c30,cm.
650 _aPhD-Electrical Engineering
_984162
700 _aSuperviser : Dr. Muhammad Imran
_9120732
856 _uhttp://10.250.8.41:8080/xmlui/handle/123456789/32635
942 _2ddc
_cSC
999 _c607862
_d607862